[Event "FRA-ch Blitz Online Qual"]
[Site "Europe Echecs INT"]
[Date "2020.05.16"]
[Round "2"]
[White "Charousset, Donovan"]
[Black "Fondrat, Johan"]
[Result "0-1"]
[WhiteElo "1204"]
[BlackElo "1509"]
[PlyCount "74"]
[EventDate "2020.05.16"]
[EventType "swiss (blitz)"]
[EventRounds "15"]
[EventCountry "FRA"]
[SourceTitle "CBM 196 Extra"]
[Source "ChessBase"]
[SourceDate "2020.07.31"]
[SourceVersion "1"]
[SourceVersionDate "2020.07.31"]
[SourceQuality "1"]

1. d4 d5 2. c4 c6 3. Bd2 Nf6 4. c5 Bf5 5. Nf3 e6 6. Bg5 Nbd7 7. Ne5 Be7 8. Nxd7 Nxd7 9. e3 Bxg5 10. Bd3 Bxd3 11. Qxd3 b6 12. cxb6 Qxb6 13. b3 Be7 14. 0-0 0-0 15. Nd2 c5 16. dxc5 Nxc5 17. Qe2 Rac8 18. Rac1 Nd7 19. Nf3 Qa5 20. Nd4 Bc5 21. Rfd1 Bxd4 22. Rxc8 Rxc8 23. Rxd4 Rc1+ 24. Rd1 Rxd1+ 25. Qxd1 Qxa2 26. h3 h6 27. Qc1 Nf6 28. Qc8+ Kh7 29. Qc7 Qb1+ 30. Kh2 Qxb3 31. Qxf7 Qb6 32. Qd7 Nxd7 33. f3 Nf6 34. g4 Qxe3 35. Kg3 d4 36. Kg2 Nd5 37. Kf1 Nf4 0-1

[Event "FRA-ch Blitz Online Qual"]
[Site "Europe Echecs INT"]
[Date "2020.05.16"]
[Round "14"]
[White "Pineau, Patrick"]
[Black "Charousset, Donovan"]
[Result "1/2-1/2"]
[WhiteElo "1349"]
[BlackElo "1204"]
[PlyCount "212"]
[EventDate "2020.05.16"]
[EventType "swiss (blitz)"]
[EventRounds "15"]
[EventCountry "FRA"]
[SourceTitle "CBM 196 Extra"]
[Source "ChessBase"]
[SourceDate "2020.07.31"]
[SourceVersion "1"]
[SourceVersionDate "2020.07.31"]
[SourceQuality "1"]

1. d4 d5 2. c4 dxc4 3. Nc3 Nc6 4. Nf3 Bg4 5. Bg5 h6 6. Bh4 g5 7. Bg3 Bxf3 8. gxf3 Qxd4 9. Qc2 Nb4 10. Qa4+ Nc6 11. Rd1 Qb6 12. Rb1 Qb4 13. Qc2 0-0-0 14. Bh3+ Kb8 15. 0-0 Nd4 16. Qe4 Nf6 17. Qe3 Nc6 18. Rfd1 Rxd1+ 19. Rxd1 Bg7 20. Be5 Nxe5 21. Qxe5 Re8 22. Qf5 Qxb2 23. Nd5 Nxd5 24. Qxd5 Qf6 25. f4 Qd6 26. Qxd6 exd6 27. Rd5 Rxe2 28. fxg5 hxg5 29. Rxg5 Re1+ 30. Kg2 Bf8 31. Rg8 Re8 32. Bd7 Rd8 33. Bb5 a6 34. Bxc4 Ka7 35. Bxf7 Rb8 36. Bd5 Kb6 37. Bf3 Kc5 38. Rg5+ Kd4 39. Rg4+ Ke5 40. Re4+ Kf6 41. Rf4+ Ke7 42. Rg4 Bh6 43. Rh4 Rg8+ 44. Kf1 Bf8 45. Ke2 c6 46. Re4+ Kd7 47. Bg4+ Kc7 48. Be6 Rg7 49. Bh3 Re7 50. Rxe7+ Bxe7 51. f3 c5 52. f4 b5 53. Kd3 b4 54. Kc4 Kc6 55. Bg2+ Kc7 56. Bd5 Bh4 57. h3 Bg3 58. f5 Be5 59. Ba8 Kb8 60. Bd5 Kc7 61. h4 Bf6 62. h5 a5 63. h6 Kd7 64. h7 Bh8 65. Ba8 Ke7 66. Bd5 Kf6 67. Be4 Bg7 68. Kd5 Ke7 69. Bd3 a4 70. Bb5 b3 71. axb3 axb3 72. Bd3 b2 73. Bb1 Kf6 74. Kxd6 c4 75. Kd5 c3 76. Bc2 Kf7 77. Kc4 Ke7 78. Kd5 Kf7 79. Kd6 Kf6 80. Kd7 Kf7 81. Kd6 Kf6 82. Kd5 Kg5 83. Ke6 Kh6 84. Kf7 Bd4 85. f6 Kg5 86. h8Q Kf4 87. Qh4+ Ke3 88. Qg3+ Kd2 89. Qg2+ Kc1 90. Qf1+ Kxc2 91. Qe2+ Kb3 92. Qb5+ Kc2 93. Qa4+ Kc1 94. Qxd4 b1Q 95. Qg1+ Kb2 96. Qxb1+ Kxb1 97. Ke7 c2 98. f7 c1Q 99. f8Q Qc5+ 100. Kf7 Qf5+ 101. Kg7 Qg5+ 102. Kf7 Qf4+ 103. Ke7 Qe5+ 104. Kf7 Qf5+ 105. Ke7 Qe5+ 106. Kf7 Qf5+ 1/2-1/2